000 01468 a2200205 4500
003 Nust
005 20230221134745.0
010 _a 90005769
020 _a0849371279
040 _cNust
082 0 0 _a629.8312,,PHI
245 0 0 _aPhilosophy of nonlinear control systems /
_cedited by B. Naumov.
260 _aMoscow :
_bMIR Publishers ;
_aBoca Raton :
_bCRC Press,
_cc1990.
300 _a392 p. :
_bill. ;
_c24 cm.
440 0 _aAdvances in science and technology in the USSR.
_9109356
505 _aIntroduction (Page-11), Application of Lyapunov's second method to analysis and design of control systems (Page-17), Nonlinear control systems: frequency analysis of absolute stability and performance (Page-50), Evaluation of regions of stability, instability, and self-excited oscillations in nonlinear systems (Page-91), Synthesis of piecewise-linear compensating elements (Page-144), Multiloop nonlinear system design (Page-179),Logical control of nonlinear systems (Page-204), Fundamentals of statistical analysis and synthesis of complicated dynamic systems (Page-243), Stability of nonlinear stochastic systems: a path integral approach (Page-277), Analysis and synthesis of discrete control control systems based on multidimensional z-transforms (Page-331), Sequential decision making in multicriterial optimization of nonlinear systems (Page-370).
650 0 _aTelecommunication Engineering.
700 1 _aNaumov, B. N.
_9109357
942 _cREF
_2ddc
999 _c175911
_d175911